[Event "POL-ch U14 Girls"]
[Site "Uniejow"]
[Date "2021.07.25"]
[Round "9"]
[White "Bromirska, Roksana"]
[Black "Semeradt, Michalina"]
[Result "0-1"]
[WhiteElo "1088"]
[BlackElo "1065"]
[PlyCount "115"]
[EventDate "2021.07.18"]
[EventType "swiss"]
[EventRounds "9"]
[EventCountry "POL"]
[SourceTitle "EXT 2022"]
[Source "ChessBase"]
[SourceDate "2021.10.06"]
[SourceVersion "1"]
[SourceVersionDate "2021.10.06"]
[SourceQuality "1"]

1. e4 e5 2. Nf3 Nc6 3. Bb5 f5 4. exf5 e4 5. Qe2 Nf6 6. d3 Qe7 7. dxe4 Qxe4 8. Qxe4+ Nxe4 9. 0-0 Be7 10. Re1 Nf6 11. Bg5 Rf8 12. Nc3 d6 13. Ne4 Bxf5 14. Nxf6+ gxf6 15. Bh6 Rg8 16. Nd4 Bd7 17. Nxc6 Bxc6 18. Bd3 Rxg2+ 19. Kf1 Rxh2 20. Bf4 Rh3 21. Ke2 Rh5 22. Kd2 Kd7 23. Be2 Rh4 24. Bg3 Re4 25. Bd3 Rxe1 26. Rxe1 Rh8 27. Bf5+ Kd8 28. Bf4 Bd5 29. a3 h5 30. Rg1 h4 31. Ke2 Rg8 32. Rxg8+ Bxg8 33. Kf3 Bf8 34. Kg4 Ke7 35. Kxh4 Be6 36. Be4 b6 37. Kg3 Bg7 38. b3 f5 39. Bd3 Be5 40. f3 Kf6 41. Bxe5+ dxe5 42. Kf2 Bd5 43. Ke3 f4+ 44. Ke2 Be6 45. Bc4 Bxc4+ 46. bxc4 c5 47. Kf2 Kf5 48. Kg2 e4 49. fxe4+ Kxe4 50. Kf2 f3 51. c3 Kd3 52. Kxf3 Kxc3 53. Ke4 Kxc4 54. Ke3 Kc3 55. Ke2 Kc2 56. Ke3 c4 57. Kd4 c3 58. Ke5 0-1

[Event "POL-ch U14 Girls"]
[Site "Uniejow"]
[Date "2021.07.23"]
[Round "7"]
[White "Mitrega, Wiktoria"]
[Black "Semeradt, Michalina"]
[Result "1/2-1/2"]
[WhiteElo "1251"]
[BlackElo "1065"]
[PlyCount "60"]
[EventDate "2021.07.18"]
[EventType "swiss"]
[EventRounds "9"]
[EventCountry "POL"]
[SourceTitle "EXT 2022"]
[Source "ChessBase"]
[SourceDate "2021.10.06"]
[SourceVersion "1"]
[SourceVersionDate "2021.10.06"]
[SourceQuality "1"]

1. b4 a5 2. bxa5 c5 3. d3 Qxa5+ 4. Bd2 Qc7 5. c4 Nf6 6. Nc3 d6 7. g3 Bd7 8. Nf3 g6 9. Bg2 Bg7 10. Qb3 0-0 11. 0-0 Bc6 12. Rab1 Nbd7 13. Rfc1 Rfb8 14. Qc2 Ra6 15. Rb2 Rb6 16. Rxb6 Qxb6 17. Qb3 Qxb3 18. axb3 Ra8 19. Rb1 Ra6 20. b4 cxb4 21. Rxb4 Rb6 22. Rxb6 Nxb6 23. Nd4 Bxg2 24. Kxg2 Nfd7 25. Ndb5 Kf8 26. f4 f5 27. Kf2 Kf7 28. Be3 Bf6 29. Bd2 Bg7 30. Be3 Bf6 1/2-1/2

[Event "POL-ch U14 Girls"]
[Site "Uniejow"]
[Date "2021.07.22"]
[Round "6"]
[White "Semeradt, Michalina"]
[Black "Szmajda, Karolina"]
[Result "1/2-1/2"]
[WhiteElo "1065"]
[BlackElo "1181"]
[PlyCount "61"]
[EventDate "2021.07.18"]
[EventType "swiss"]
[EventRounds "9"]
[EventCountry "POL"]
[SourceTitle "EXT 2022"]
[Source "ChessBase"]
[SourceDate "2021.10.06"]
[SourceVersion "1"]
[SourceVersionDate "2021.10.06"]
[SourceQuality "1"]

1. d4 e6 2. c4 b6 3. Nf3 Bb7 4. e3 f5 5. Nc3 Nf6 6. Bd3 Bd6 7. 0-0 0-0 8. a3 a6 9. b3 Qe8 10. Re1 Qh5 11. h3 g5 12. e4 g4 13. Nh2 g3 14. fxg3 Qxd1 15. Rxd1 Nxe4 16. Bxe4 fxe4 17. g4 Bg3 18. Be3 d5 19. cxd5 Bxd5 20. Nxd5 exd5 21. Rac1 a5 22. a4 Na6 23. Nf1 Bd6 24. Bd2 Rad8 25. Ne3 Ba3 26. Rc6 Rf7 27. Rf1 Rxf1+ 28. Kxf1 Rd7 29. Ke2 Nb4 30. Bxb4 Bxb4 31. Kd1 1/2-1/2

[Event "POL-ch U14 Girls"]
[Site "Uniejow"]
[Date "2021.07.20"]
[Round "3"]
[White "Dallemura, Julia"]
[Black "Semeradt, Michalina"]
[Result "1-0"]
[WhiteElo "1196"]
[BlackElo "1065"]
[PlyCount "97"]
[EventDate "2021.07.18"]
[EventType "swiss"]
[EventRounds "9"]
[EventCountry "POL"]
[SourceTitle "EXT 2022"]
[Source "ChessBase"]
[SourceDate "2021.10.06"]
[SourceVersion "1"]
[SourceVersionDate "2021.10.06"]
[SourceQuality "1"]

1. e4 e5 2. Nf3 Nc6 3. Bb5 a6 4. Ba4 Nf6 5. d3 d6 6. Bxc6+ bxc6 7. h3 g6 8. c3 Bg7 9. Nbd2 c5 10. Nf1 0-0 11. Ng3 h6 12. 0-0 Bb7 13. Re1 Re8 14. Bd2 Rb8 15. b4 cxb4 16. cxb4 Qd7 17. Nh4 Nh7 18. a3 Rec8 19. Be3 Ra8 20. Qd2 h5 21. Bh6 Qe7 22. Nf3 Rab8 23. Bxg7 Kxg7 24. d4 f6 25. Nh4 Qf7 26. d5 Rd8 27. Rf1 c6 28. dxc6 Bxc6 29. f4 Qa7+ 30. Kh2 Bb5 31. Rfe1 Rbc8 32. f5 Be8 33. fxg6 Bxg6 34. Ngf5+ Bxf5 35. Nxf5+ Kg8 36. Qh6 Kh8 37. Qxh5 Rc2 38. Re2 Rxe2 39. Qxe2 Rg8 40. Rd1 Qf7 41. Nh6 Qg7 42. Nxg8 Kxg8 43. Rxd6 Ng5 44. Rd8+ Kh7 45. Qh5+ Qh6 46. Rd7+ Kg8 47. Qxh6 Nf3+ 48. gxf3 f5 49. Qg7# 1-0